[Event "New York Summer GM-B"]
[Site "New York"]
[Date "2022.07.10"]
[Round "7"]
[White "Griffith, Kyron"]
[Black "Wang, Qibiao"]
[Result "1/2-1/2"]
[WhiteElo "2357"]
[BlackElo "2365"]
[PlyCount "33"]
[EventDate "2022.07.07"]
[EventType "tourn"]
[EventRounds "9"]
[EventCountry "USA"]
[EventCategory "6"]
[SourceTitle "CBM 209 Extra"]
[Source "ChessBase"]
[SourceDate "2022.09.30"]
[SourceVersion "1"]
[SourceVersionDate "2022.09.30"]
[SourceQuality "1"]

1. e4 e5 2. Nf3 Nc6 3. Bb5 a6 4. Ba4 Nf6 5. 0-0 Be7 6. d3 b5 7. Bb3 d6 8. a3 0-0 9. Nc3 Nb8 10. a4 b4 11. Ne2 c5 12. c3 Nc6 13. Ng3 Rb8 14. d4 bxc3 15. bxc3 cxd4 16. cxd4 exd4 17. Ba3 1/2-1/2

[Event "New York Summer GM-B"]
[Site "New York"]
[Date "2022.07.09"]
[Round "4"]
[White "Wang, Qibiao"]
[Black "Tiglon, Bryce"]
[Result "1/2-1/2"]
[WhiteElo "2365"]
[BlackElo "2391"]
[PlyCount "42"]
[EventDate "2022.07.07"]
[EventType "tourn"]
[EventRounds "9"]
[EventCountry "USA"]
[EventCategory "6"]
[SourceTitle "CBM 209 Extra"]
[Source "ChessBase"]
[SourceDate "2022.09.30"]
[SourceVersion "1"]
[SourceVersionDate "2022.09.30"]
[SourceQuality "1"]

1. e4 e5 2. Nf3 Nc6 3. Nc3 Nf6 4. d4 exd4 5. Nxd4 Bb4 6. Nxc6 bxc6 7. Bd3 d5 8. exd5 0-0 9. 0-0 cxd5 10. h3 c6 11. Qf3 Re8 12. Bf4 a5 13. Rfd1 h6 14. Ne2 Bd6 15. c4 Be6 16. Nd4 Bxf4 17. Qxf4 Qb6 18. b3 a4 19. Nxe6 Rxe6 20. cxd5 Nxd5 21. Qd2 axb3 1/2-1/2

[Event "New York Summer GM-B"]
[Site "New York"]
[Date "2022.07.07"]
[Round "1"]
[White "Zeltsan, Joseph"]
[Black "Wang, Qibiao"]
[Result "1-0"]
[WhiteElo "2337"]
[BlackElo "2365"]
[PlyCount "63"]
[EventDate "2022.07.07"]
[EventType "tourn"]
[EventRounds "9"]
[EventCountry "USA"]
[EventCategory "6"]
[SourceTitle "CBM 209 Extra"]
[Source "ChessBase"]
[SourceDate "2022.09.30"]
[SourceVersion "1"]
[SourceVersionDate "2022.09.30"]
[SourceQuality "1"]

1. e4 e5 2. Nf3 Nc6 3. Bb5 a6 4. Ba4 Nf6 5. 0-0 Nxe4 6. d4 b5 7. Bb3 d5 8. dxe5 Be6 9. Nbd2 Nc5 10. c3 Be7 11. Bc2 d4 12. cxd4 Nxd4 13. Nxd4 Qxd4 14. Nf3 Qxd1 15. Rxd1 Bg4 16. h3 Bh5 17. Be3 0-0 18. Rac1 Ne6 19. g4 Bg6 20. Rd7 Bb4 21. Bf5 Ba5 22. Bxe6 fxe6 23. Ng5 Rac8 24. Nxe6 Rfe8 25. Rc6 Be4 26. Rxa6 Bb6 27. Nxg7 Rxe5 28. Bxb6 cxb6 29. Nh5 Re6 30. Raa7 h6 31. Kh2 Bg6 32. Nf4 1-0

[Event "New York Marshall Spring GM"]
[Site "New York"]
[Date "2020.03.02"]
[Round "9"]
[White "Wang, Qibiao"]
[Black "Korley, Kassa"]
[Result "1/2-1/2"]
[WhiteElo "2362"]
[BlackElo "2430"]
[PlyCount "114"]
[EventDate "2020.02.27"]
[EventType "tourn"]
[EventRounds "9"]
[EventCountry "USA"]
[EventCategory "8"]
[SourceTitle "CBM 195 Extra"]
[Source "ChessBase"]
[SourceDate "2020.05.31"]
[SourceVersion "1"]
[SourceVersionDate "2020.05.31"]
[SourceQuality "1"]

1. d4 d5 2. Bf4 Nf6 3. e3 e6 4. Nf3 Bd6 5. Bxd6 Qxd6 6. c4 0-0 7. Nc3 Qe7 8. Be2 Nbd7 9. cxd5 exd5 10. 0-0 c6 11. Qc2 Nb6 12. Ne5 g6 13. Bd3 Ng4 14. Nf3 Be6 15. Rae1 Nf6 16. h3 Rac8 17. Na4 Nxa4 18. Qxa4 a6 19. Rc1 Ne8 20. Qa5 Nd6 21. Qc5 f6 22. Nd2 Rf7 23. a4 g5 24. Rfe1 f5 25. g3 Rg7 26. Nf3 g4 27. Nh4 gxh3 28. Kh2 Re8 29. Bf1 Qc7 30. Bxh3 Ne4 31. Qc2 Nxg3 32. f4 Qe7 33. Nf3 Ne4 34. Rg1 Kh8 35. Rxg7 Qxg7 36. Rg1 Qe7 37. Ng5 Nxg5 38. Rxg5 Rf8 39. a5 h6 40. Rg6 Kh7 41. Rg3 Rf7 42. Qg2 Qf6 43. b4 Re7 44. Qc2 Bd7 45. Qg2 Be8 46. Qc2 Bg6 47. Qd3 Re4 48. Qd2 Bh5 49. Qc2 Qh4 50. Kg2 Bg4 51. Bxg4 fxg4 52. b5 Qf6 53. bxa6 bxa6 54. Rxg4 Qf5 55. Rg3 Rxf4 56. Qxf5+ Rxf5 57. Rh3 Rf8 1/2-1/2

[Event "New York Marshall Spring GM"]
[Site "New York"]
[Date "2020.02.27"]
[Round "1"]
[White "Perunovic, Milos"]
[Black "Wang, Qibiao"]
[Result "1-0"]
[WhiteElo "2591"]
[BlackElo "2362"]
[PlyCount "123"]
[EventDate "2020.02.27"]
[EventType "tourn"]
[EventRounds "9"]
[EventCountry "USA"]
[EventCategory "8"]
[SourceTitle "CBM 195 Extra"]
[Source "ChessBase"]
[SourceDate "2020.05.31"]
[SourceVersion "1"]
[SourceVersionDate "2020.05.31"]
[SourceQuality "1"]

1. e4 e5 2. Nf3 Nf6 3. d4 Nxe4 4. Bd3 d5 5. Nxe5 Nd7 6. Nc3 Nxe5 7. dxe5 Bb4 8. 0-0 Nxc3 9. bxc3 Bxc3 10. Rb1 0-0 11. Bxh7+ Kxh7 12. Qd3+ Kg8 13. Qxc3 b6 14. Qg3 Qd7 15. h3 Qf5 16. Bg5 c5 17. c3 Ba6 18. Rfe1 Qd3 19. Qh4 Qh7 20. Qf4 Rae8 21. Rbd1 Bd3 22. Re3 c4 23. Rg3 Qe4 24. Qxe4 Bxe4 25. Rd4 Rxe5 26. Bf6 Re6 27. Bxg7 Rfe8 28. Bh6+ Kh7 29. Bg5 f6 30. Bd2 Rg8 31. Rxg8 Kxg8 32. f3 Bd3 33. Rxd5 Re2 34. Bh6 Rxa2 35. Rd7 a5 36. Rg7+ Kh8 37. Rb7 a4 38. Bg7+ Kg8 39. Bxf6 a3 40. Rg7+ Kf8 41. Ra7 Ra1+ 42. Kh2 a2 43. h4 Bg6 44. g4 Be8 45. Bd4 Bc6 46. h5 Bxf3 47. Kg3 Be4 48. Bxb6 Bc2 49. Bc5+ Ke8 50. g5 Rh1 51. Rxa2 Rxh5 52. Kg4 Rh2 53. Ra7 Rg2+ 54. Kf4 Bd3 55. Re7+ Kd8 56. Rg7 Re2 57. g6 Rg2 58. Rg8+ Kd7 59. g7 Bh7 60. Ra8 Ke6 61. Bd4 Kf7 62. Rf8+ 1-0

[Event "Novi Sad TS GM 122nd"]
[Site "Novi Sad"]
[Date "2019.12.01"]
[Round "1"]
[White "Wang, Qibiao"]
[Black "Brenjo, Slavisa"]
[Result "1/2-1/2"]
[WhiteElo "2289"]
[BlackElo "2430"]
[PlyCount "21"]
[EventDate "2019.12.01"]
[EventType "tourn"]
[EventRounds "9"]
[EventCountry "SRB"]
[EventCategory "7"]
[SourceTitle "CBM 193 Extra"]
[Source "ChessBase"]
[SourceDate "2020.01.31"]
[SourceVersion "1"]
[SourceVersionDate "2020.01.31"]
[SourceQuality "1"]

1. d4 Nf6 2. Nf3 g6 3. g3 Bg7 4. Bg2 c5 5. c3 cxd4 6. cxd4 0-0 7. Nc3 d6 8. 0-0 Nc6 9. d5 Nb4 10. a3 Na6 11. h3 1/2-1/2

[Event "Novi Sad TS Mix 121st"]
[Site "Novi Sad"]
[Date "2019.11.29"]
[Round "8"]
[White "Wang, Qibiao"]
[Black "Goh, Wei Ming Kevin"]
[Result "1/2-1/2"]
[WhiteElo "2289"]
[BlackElo "2474"]
[PlyCount "108"]
[EventDate "2019.11.25"]
[EventType "swiss"]
[EventRounds "10"]
[EventCountry "SRB"]
[SourceTitle "CBM 193 Extra"]
[Source "ChessBase"]
[SourceDate "2020.01.31"]
[SourceVersion "1"]
[SourceVersionDate "2020.01.31"]
[SourceQuality "1"]

1. d4 d5 2. Bf4 c5 3. e3 cxd4 4. exd4 Nc6 5. c3 f6 6. Nf3 g5 7. Be3 Bf5 8. Nbd2 e6 9. Nb3 Qd7 10. Bd3 Bxd3 11. Qxd3 Bd6 12. 0-0-0 0-0-0 13. h4 g4 14. Ne1 Nge7 15. Qe2 h5 16. Nd3 Ng6 17. Ndc5 Qf7 18. Qb5 Rhe8 19. g3 Qc7 20. Rhe1 b6 21. Na6 Qd7 22. c4 dxc4 23. Qxc4 Kb7 24. Nac5+ Bxc5 25. dxc5 Qc8 26. Kb1 bxc5 27. Qxc5 Qc7 28. Rc1 Nge5 29. Nd4 Rd5 30. Qc3 Qd7 31. Qb3+ Ka8 32. Nxc6 Nxc6 33. Red1 Ne7 34. Bf4 Rxd1 35. Rxd1 Nd5 36. Rc1 Rd8 37. Be3 Rc8 38. Bc5 Rc6 39. Qa4 Qc7 40. Be3 Rxc1+ 41. Bxc1 Qh7+ 42. Ka1 Qc7 43. Bd2 Kb8 44. a3 Qb6 45. Qe8+ Kb7 46. Qd7+ Nc7 47. Bf4 e5 48. Be3 Qb5 49. Qf7 Qc6 50. Qxh5 Qh1+ 51. Ka2 Qd5+ 52. Ka1 Qd1+ 53. Ka2 Qd5+ 54. Ka1 Qd1+ 1/2-1/2

[Event "Novi Sad TS Mix 121st"]
[Site "Novi Sad"]
[Date "2019.11.26"]
[Round "2"]
[White "Wang, Qibiao"]
[Black "Popchev, Milko"]
[Result "1/2-1/2"]
[WhiteElo "2289"]
[BlackElo "2288"]
[PlyCount "46"]
[EventDate "2019.11.25"]
[EventType "swiss"]
[EventRounds "10"]
[EventCountry "SRB"]
[SourceTitle "CBM 193 Extra"]
[Source "ChessBase"]
[SourceDate "2020.01.31"]
[SourceVersion "1"]
[SourceVersionDate "2020.01.31"]
[SourceQuality "1"]

1. d4 d6 2. Nf3 Bg4 3. Nbd2 e6 4. h3 Bh5 5. c4 c6 6. e3 Be7 7. Bd3 Nf6 8. b3 Nbd7 9. Bb2 d5 10. 0-0 0-0 11. Qc2 Bg6 12. Bxg6 hxg6 13. Rad1 b5 14. c5 a5 15. a3 Ne8 16. g3 f5 17. Ne5 Nxe5 18. dxe5 Nc7 19. Bd4 Kf7 20. Kg2 Ke8 21. h4 Kd7 22. f4 Rh8 23. Nf3 Kc8 1/2-1/2

[Event "Novi Sad TS 120th"]
[Site "Novi Sad"]
[Date "2019.11.21"]
[Round "6"]
[White "Duran Vega, Sergio"]
[Black "Wang, Qibiao"]
[Result "1/2-1/2"]
[WhiteElo "2381"]
[BlackElo "2299"]
[PlyCount "144"]
[EventDate "2019.11.18"]
[EventType "swiss"]
[EventRounds "9"]
[EventCountry "SRB"]
[SourceTitle "CBM 193 Extra"]
[Source "ChessBase"]
[SourceDate "2020.01.31"]
[SourceVersion "1"]
[SourceVersionDate "2020.01.31"]
[SourceQuality "1"]

1. c4 f5 2. g3 Nf6 3. Bg2 g6 4. Nc3 Bg7 5. d3 d6 6. e4 Nc6 7. Nge2 0-0 8. 0-0 e5 9. h3 Be6 10. Nd5 Ne7 11. Bg5 c6 12. Nxf6+ Bxf6 13. Bxf6 Rxf6 14. exf5 Nxf5 15. Qd2 Qb6 16. b4 Raf8 17. Rac1 Nd4 18. c5 Nxe2+ 19. Qxe2 Qxb4 20. Rb1 Qxc5 21. Rxb7 R6f7 22. Rb2 Qd4 23. Rc2 Bd5 24. Bxd5 Qxd5 25. Qe4 Qxe4 26. dxe4 Rc7 27. Rfc1 c5 28. Rd1 Rc6 29. Rb2 Kg7 30. Rb7+ Rf7 31. Rb8 Kf6 32. Rd2 Ke6 33. Re8+ Re7 34. Rd8 Rd7 35. Re8+ Kf6 36. Kf1 c4 37. Ke2 Rc5 38. Rf8+ Kg7 39. Re8 h5 40. h4 Kf7 41. Rh8 a5 42. Ke3 Kg7 43. Rb8 Kf7 44. Rb6 Ke6 45. f4 c3 46. Rc2 Rdc7 47. Rb8 Rc4 48. Rg8 Kf7 49. Rh8 R7c6 50. Rh7+ Kf6 51. Rd7 Rb4 52. Rd8 Ke7 53. Rg8 Rcc4 54. fxe5 dxe5 55. Rxg6 Rxe4+ 56. Kd3 Rg4 57. Rxg4 Rxg4 58. Rg2 Ke6 59. Kxc3 Kf5 60. Rf2+ Ke4 61. Re2+ Kd5 62. Rd2+ Kc5 63. Rd3 e4 64. Re3 Kd5 65. Kd2 Kc4 66. Ke2 a4 67. Ra3 Kb4 68. Re3 Kc4 69. Ra3 Kb4 70. Re3 Kc4 71. Kf2 Kb4 72. Ke2 Kc4 1/2-1/2

[Event "Novi Sad TS 120th"]
[Site "Novi Sad"]
[Date "2019.11.19"]
[Round "3"]
[White "Saksham, Rautela"]
[Black "Wang, Qibiao"]
[Result "1/2-1/2"]
[WhiteElo "2291"]
[BlackElo "2299"]
[PlyCount "64"]
[EventDate "2019.11.18"]
[EventType "swiss"]
[EventRounds "9"]
[EventCountry "SRB"]
[SourceTitle "CBM 193 Extra"]
[Source "ChessBase"]
[SourceDate "2020.01.31"]
[SourceVersion "1"]
[SourceVersionDate "2020.01.31"]
[SourceQuality "1"]

1. Nf3 d5 2. g3 g6 3. c4 c6 4. cxd5 cxd5 5. Bg2 Bg7 6. 0-0 Nf6 7. d4 0-0 8. Nc3 Nc6 9. Ne5 e6 10. Nxc6 bxc6 11. Na4 Nd7 12. b3 c5 13. Bb2 Ba6 14. dxc5 Bxb2 15. Nxb2 Nxc5 16. Rc1 Qb6 17. Qd4 Rac8 18. Rfe1 Rfd8 19. e3 Nd7 20. Na4 Qxd4 21. exd4 Rxc1 22. Rxc1 Rc8 23. Rxc8+ Bxc8 24. b4 Kf8 25. f4 Ke7 26. Kf2 Nb8 27. Ke3 Nc6 28. a3 Ba6 29. Bf3 Kd6 30. Bd1 h5 31. Nc5 Bc4 32. Bc2 Ne7 1/2-1/2

[Event "Novi Sad TS 120th"]
[Site "Novi Sad"]
[Date "2019.11.18"]
[Round "1"]
[White "Flom, Gabriel"]
[Black "Wang, Qibiao"]
[Result "1-0"]
[WhiteElo "2497"]
[BlackElo "2299"]
[PlyCount "81"]
[EventDate "2019.11.18"]
[EventType "swiss"]
[EventRounds "9"]
[EventCountry "SRB"]
[SourceTitle "CBM 193 Extra"]
[Source "ChessBase"]
[SourceDate "2020.01.31"]
[SourceVersion "1"]
[SourceVersionDate "2020.01.31"]
[SourceQuality "1"]

1. c4 e6 2. Nc3 d5 3. d4 Nf6 4. cxd5 exd5 5. Bg5 c6 6. e3 Bf5 7. Qf3 Bg6 8. Bxf6 Qxf6 9. Qxf6 gxf6 10. h4 h5 11. Nh3 Nd7 12. Nf4 Bd6 13. g3 Nb6 14. a3 a5 15. Kd2 Ke7 16. Be2 Bxf4 17. gxf4 Nc8 18. a4 Nd6 19. b3 Rhb8 20. Ra2 Ke6 21. f3 Rg8 22. Ke1 Rae8 23. Kf2 Kd7 24. Re1 Re7 25. Rb2 Rge8 26. Bf1 Kd8 27. b4 Nf5 28. bxa5 Kc7 29. Reb1 Rxe3 30. Nxd5+ cxd5 31. Rxb7+ Kc8 32. Rb8+ Kc7 33. R1b7+ Kd6 34. Rb6+ Kc7 35. R8b7+ Kd8 36. a6 Nxh4 37. a7 Rxf3+ 38. Kg1 Rxf1+ 39. Kxf1 Bd3+ 40. Kg1 Re1+ 41. Kh2 1-0

[Event "Philadelphia int op 13th"]
[Site "Philadelphia"]
[Date "2019.07.01"]
[Round "9"]
[White "Wang, Qibiao"]
[Black "Tiglon, Bryce"]
[Result "1/2-1/2"]
[WhiteElo "2268"]
[BlackElo "2373"]
[PlyCount "97"]
[EventDate "2019.06.27"]
[EventType "swiss"]
[EventRounds "9"]
[EventCountry "USA"]
[SourceTitle "EXT 2020"]
[Source "ChessBase"]
[SourceDate "2019.10.17"]
[SourceVersion "1"]
[SourceVersionDate "2019.10.17"]
[SourceQuality "1"]

1. d4 Nf6 2. Bf4 c5 3. e3 g6 4. Nd2 Bg7 5. c3 cxd4 6. exd4 0-0 7. Ngf3 Nc6 8. Be2 d6 9. 0-0 h6 10. h3 e5 11. dxe5 Nd5 12. Bh2 dxe5 13. Nc4 e4 14. Nfe5 Nce7 15. Qd4 f6 16. Ng4 f5 17. Nge5 Be6 18. Rad1 Kh7 19. f3 Nc6 20. Qc5 Rc8 21. Nxc6 Rxc6 22. Qxa7 exf3 23. Rxf3 Qe7 24. Na5 Rb6 25. Nc4 Rc6 26. Na5 Rcc8 27. Qf2 f4 28. Bc4 Rf5 29. Bxd5 Bxd5 30. Rxf4 Re5 31. c4 Re2 32. cxd5 Rxf2 33. Rxf2 Qe3 34. Bf4 Qa7 35. Nb3 Qxa2 36. Rf3 g5 37. Bg3 Qxb2 38. d6 Rc2 39. d7 Rxg2+ 40. Kh1 Qe2 41. d8Q Qxf3 42. Qd3+ Qxd3 43. Rxd3 Rb2 44. Kg1 Kg6 45. Bf2 Be5 46. Kg2 h5 47. Nc5 g4 48. hxg4 hxg4 49. Rd5 1/2-1/2

[Event "Foxwoods op 13th"]
[Site "Ledyard"]
[Date "2019.04.21"]
[Round "9"]
[White "Wang, Qibiao"]
[Black "Vazquez, Guillermo"]
[Result "0-1"]
[WhiteElo "2240"]
[BlackElo "2489"]
[PlyCount "88"]
[EventDate "2019.04.17"]
[EventType "swiss"]
[EventRounds "9"]
[EventCountry "USA"]
[SourceTitle "CBM 189 Extra"]
[Source "ChessBase"]
[SourceDate "2019.06.03"]
[SourceVersion "1"]
[SourceVersionDate "2019.06.03"]
[SourceQuality "1"]

1. Nf3 Nf6 2. g3 d5 3. Bg2 c6 4. 0-0 Bf5 5. d3 e6 6. Nbd2 h6 7. b3 Be7 8. Bb2 0-0 9. c4 Bh7 10. Qc1 a5 11. a3 Nbd7 12. Bc3 c5 13. d4 dxc4 14. Nxc4 a4 15. bxa4 Rxa4 16. Nb2 Ra6 17. Rd1 Qa8 18. dxc5 Nxc5 19. Qe3 Nce4 20. Bxf6 Bxf6 21. Nd4 Nc5 22. Nc4 Rd8 23. Ne5 Rad6 24. Rd2 Qa4 25. Rad1 Bg6 26. f4 Bxe5 27. fxe5 R6d7 28. Nb3 Qxa3 29. Rxd7 Rxd7 30. Rxd7 Nxd7 31. Bxb7 Qb2 32. Bf3 Nxe5 33. Nd2 Bf5 34. Ne4 Nc4 35. Qc5 Qc2 36. Qc8+ Kh7 37. Nc5 Qc1+ 38. Kg2 Nd2 39. g4 Qf1+ 40. Kg3 Qg1+ 41. Kh3 Qf1+ 42. Kg3 Qg1+ 43. Kh3 Nxf3 44. gxf5 Qxh2+ 0-1

[Event "Foxwoods op 13th"]
[Site "Ledyard"]
[Date "2019.04.20"]
[Round "6"]
[White "Wang, Qibiao"]
[Black "Colding, Ernest"]
[Result "1-0"]
[WhiteElo "2240"]
[BlackElo "2074"]
[PlyCount "74"]
[EventDate "2019.04.17"]
[EventType "swiss"]
[EventRounds "9"]
[EventCountry "USA"]
[SourceTitle "CBM 189 Extra"]
[Source "ChessBase"]
[SourceDate "2019.06.03"]
[SourceVersion "1"]
[SourceVersionDate "2019.06.03"]
[SourceQuality "1"]

1. d4 Nf6 2. Nf3 d6 3. g3 Nbd7 4. Bg2 e5 5. 0-0 g6 6. dxe5 dxe5 7. b3 Bg7 8. Ba3 c5 9. Nfd2 Rb8 10. Nc3 0-0 11. Bb2 Qe7 12. Nc4 b5 13. Na5 Qe6 14. a4 a6 15. Qd2 Rb6 16. Rfd1 e4 17. Nd5 e3 18. Nxe3 Ne4 19. Bxe4 Bxb2 20. Rab1 Bd4 21. Bd5 Qf6 22. Ng4 Qd6 23. c3 Qxd5 24. cxd4 cxd4 25. axb5 Rxb5 26. b4 h5 27. Ne3 Qe6 28. Qxd4 Nf6 29. Rbc1 Qb6 30. Qf4 Rxb4 31. Nac4 Qe6 32. Rd6 Nd5 33. Nxd5 Rxc4 34. Rxc4 Qxe2 35. Nf6+ Kg7 36. Re4 Qb2 37. Nxh5+ gxh5 1-0

[Event "Philadelphia int op 12th"]
[Site "Philadelphia"]
[Date "2018.06.30"]
[Round "5"]
[White "Wang, Qibiao"]
[Black "Lenderman, Aleksandr"]
[Result "0-1"]
[WhiteElo "2337"]
[BlackElo "2615"]
[PlyCount "102"]
[EventDate "2018.06.28"]
[EventType "swiss"]
[EventRounds "9"]
[EventCountry "USA"]
[SourceTitle "CBM 185 Extra"]
[Source "ChessBase"]
[SourceDate "2018.07.29"]
[SourceVersion "1"]
[SourceVersionDate "2018.07.29"]
[SourceQuality "1"]

1. d4 Nf6 2. Nf3 d5 3. Bf4 e6 4. e3 c5 5. c3 Nc6 6. Nbd2 Bd6 7. Bg3 0-0 8. Bb5 Be7 9. Bd3 b6 10. Ne5 Bb7 11. 0-0 g6 12. f4 Ne8 13. Qe2 Nd6 14. Rad1 c4 15. Bc2 f5 16. Ndf3 Bf6 17. Qe1 b5 18. Bh4 Bxh4 19. Nxh4 a5 20. Nhf3 b4 21. Ba4 Ra6 22. Bxc6 Bxc6 23. Ng5 Qe7 24. Rf3 Ne8 25. Rh3 Nf6 26. Nxh7 Nxh7 27. Nxg6 Qf6 28. Nxf8 Nxf8 29. cxb4 axb4 30. Qxb4 Rxa2 31. Rf1 Be8 32. Rg3+ Bg6 33. Qb8 Qf7 34. Rg5 Kg7 35. Rf3 Ra1+ 36. Kf2 Ra7 37. Rh3 Qc7 38. Qb4 Rb7 39. Qc3 Nh7 40. Rgg3 Nf6 41. Kg1 Ne4 42. Qe1 Rxb2 43. Rf3 c3 44. Rf1 c2 45. Qh4 Nf6 46. Rc1 Rb1 47. Qe1 Rxc1 48. Qxc1 Ne4 49. Rf3 Bh5 50. Rf1 Qc3 51. h3 Ng3 0-1

[Event "Philadelphia op 12th"]
[Site "Philadelphia"]
[Date "2018.03.28"]
[Round "1"]
[White "Wang, Qibiao"]
[Black "Zhou, Aiden"]
[Result "1-0"]
[WhiteElo "2324"]
[BlackElo "1977"]
[PlyCount "93"]
[EventDate "2018.03.28"]
[EventType "swiss"]
[EventRounds "9"]
[EventCountry "USA"]
[SourceTitle "CBM 183 Extra"]
[Source "ChessBase"]
[SourceDate "2018.04.19"]
[SourceVersion "1"]
[SourceVersionDate "2018.04.19"]
[SourceQuality "1"]

1. c4 Nf6 2. Nc3 g6 3. g3 Bg7 4. Bg2 0-0 5. e4 d6 6. Nge2 c5 7. 0-0 Nc6 8. d3 Ne8 9. Be3 Nc7 10. d4 cxd4 11. Nxd4 Bd7 12. Nxc6 Bxc6 13. Qd2 Re8 14. Rac1 Qd7 15. Rfd1 b6 16. b4 Rad8 17. b5 Bb7 18. Nd5 Ne6 19. Bh3 Qc8 20. Bh6 Bh8 21. Nf4 f5 22. Nxe6 Qxe6 23. Re1 Qf6 24. exf5 gxf5 25. Bg5 Qf7 26. Qf4 Bc8 27. Bg2 Be5 28. Qd2 Bd7 29. Bd5 e6 30. Bxd8 exd5 31. cxd5 f4 32. Bg5 f3 33. Qd3 Qh5 34. Bh4 Qg4 35. Rc4 Qh3 36. Qxf3 Rf8 37. Qg2 Qxg2+ 38. Kxg2 Bxb5 39. Rg4+ Kh8 40. a4 Bd7 41. Rc4 b5 42. Rc7 Bg4 43. f4 Bd4 44. axb5 Rb8 45. Be7 Rxb5 46. Bf6+ Bxf6 47. Re8# 1-0

[Event "New York Int op 10th"]
[Site "New York"]
[Date "2017.06.24"]
[Round "6"]
[White "Brodsky, David"]
[Black "Wang, Qibiao"]
[Result "1/2-1/2"]
[WhiteElo "2379"]
[BlackElo "2294"]
[PlyCount "94"]
[EventDate "2017.06.21"]
[EventType "swiss"]
[EventRounds "9"]
[EventCountry "USA"]
[SourceTitle "CBM 179 Extra"]
[Source "ChessBase"]
[SourceDate "2017.08.23"]
[SourceVersion "1"]
[SourceVersionDate "2017.08.23"]
[SourceQuality "1"]

1. e4 e5 2. Nf3 Nf6 3. d4 Nxe4 4. Bd3 d5 5. Nxe5 Nd7 6. Nxd7 Bxd7 7. Nc3 Nxc3 8. bxc3 Qe7+ 9. Be3 g6 10. 0-0 Bg7 11. Rb1 b6 12. Bf4 0-0 13. Bxc7 Rac8 14. Re1 Qa3 15. Rb3 Qxa2 16. Bd6 Rfe8 17. Be7 Be6 18. Bg5 Bd7 19. Be7 Be6 20. Bg5 Bd7 21. Be3 Qa4 22. Qa1 Bf8 23. Qxa4 Bxa4 24. Rb2 Rxc3 25. Ra1 b5 26. Bxb5 Bxb5 27. Rxb5 Rxc2 28. Rxd5 Rc7 29. Rda5 Ra8 30. d5 Rd7 31. Kf1 Rad8 32. Rd1 Bb4 33. Rb5 Be7 34. Rd4 Kg7 35. Ke2 Bf6 36. Rd3 a6 37. Ra5 Ra8 38. Bd4 Bxd4 39. Rxd4 Rd6 40. Kd3 Rb8 41. Kc3 Rb1 42. f4 Rc1+ 43. Kd3 Kf6 44. Rc4 Rd1+ 45. Ke4 Re1+ 46. Kf3 Rd1 47. Rc6 R1xd5 1/2-1/2

[Event "New York Int op 10th"]
[Site "New York"]
[Date "2017.06.24"]
[Round "7"]
[White "Wang, Qibiao"]
[Black "Williams, Justus D"]
[Result "1-0"]
[WhiteElo "2294"]
[BlackElo "2382"]
[PlyCount "125"]
[EventDate "2017.06.21"]
[EventType "swiss"]
[EventRounds "9"]
[EventCountry "USA"]
[SourceTitle "CBM 179 Extra"]
[Source "ChessBase"]
[SourceDate "2017.08.23"]
[SourceVersion "1"]
[SourceVersionDate "2017.08.23"]
[SourceQuality "1"]

1. d4 Nf6 2. c4 e6 3. Nf3 b6 4. g3 Ba6 5. b3 d5 6. Bg2 Bb4+ 7. Bd2 Be7 8. 0-0 c6 9. Qc2 Nbd7 10. a4 0-0 11. Rc1 Bd6 12. Qb2 Qe7 13. e3 Rfd8 14. Na3 Rac8 15. b4 c5 16. bxc5 bxc5 17. Nb5 Bxb5 18. axb5 Nb6 19. cxd5 Nbxd5 20. dxc5 Bxc5 21. Ne5 Qb7 22. Ba5 Re8 23. Qe2 Nd7 24. Nc6 a6 25. e4 N5f6 26. e5 Nd5 27. Nb4 Bxb4 28. Bxb4 axb5 29. Bd6 Qb6 30. Qd2 N7f6 31. Qg5 h6 32. Qh4 Ne3 33. exf6 Nf5 34. Qg4 Qxd6 35. fxg7 b4 36. Rd1 Qe7 37. Rab1 Rb8 38. Rb3 Rb6 39. Be4 Nxg7 40. Bb1 Reb8 41. h4 f5 42. Qc4 Kh8 43. Ba2 Rd6 44. Rdb1 Rd2 45. Qf4 Rbd8 46. Qxh6+ Kg8 47. R3b2 Rxb2 48. Rxb2 Rd1+ 49. Kh2 Re1 50. Qd2 Re4 51. f3 Re5 52. Rxb4 Kh7 53. Rd4 Qa3 54. Rd3 Qa8 55. Kg2 Ra5 56. Bb3 Ra7 57. h5 Qe8 58. h6 Nh5 59. Qg5 Rb7 60. g4 fxg4 61. Bc2 gxf3+ 62. Kf2 Rb8 63. Rd8+ 1-0

[Event "Saint Louis SPICE Cup op 9th"]
[Site "Saint Louis"]
[Date "2015.10.22"]
[Round "9"]
[White "Brown, Michael William"]
[Black "Wang, Qibiao"]
[Result "1-0"]
[WhiteElo "2361"]
[BlackElo "2282"]
[PlyCount "65"]
[EventDate "2015.10.17"]
[EventType "swiss"]
[EventRounds "9"]
[EventCountry "USA"]
[SourceTitle "CBM 168 Extra"]
[Source "ChessBase"]
[SourceDate "2015.10.29"]
[SourceVersion "1"]
[SourceVersionDate "2015.10.29"]
[SourceQuality "1"]

1. d4 Nf6 2. c4 g6 3. Nc3 Bg7 4. e4 d6 5. Be2 0-0 6. Nf3 e5 7. Be3 exd4 8. Nxd4 Nc6 9. Nc2 Re8 10. f3 Nh5 11. Qd2 f5 12. 0-0 Be6 13. Rae1 Ne5 14. Bg5 Qd7 15. exf5 Bxc4 16. g4 Nf6 17. f4 Bxe2 18. fxe5 Bxf1 19. exf6 Rxe1 20. Nxe1 Bh3 21. fxg7 Qxg7 22. Nd5 gxf5 23. Ne7+ Kf7 24. Qd5+ Ke8 25. Nxf5 Qe5 26. Qg8+ Kd7 27. Qxh7+ Kc6 28. Nd3 Qh8 29. Ne7+ Kb5 30. Qe4 c6 31. Be3 c5 32. Qxb7+ Kc4 33. Qb3# 1-0

[Event "Saint Louis SPICE Cup op 9th"]
[Site "Saint Louis"]
[Date "2015.10.19"]
[Round "4"]
[White "Wang, Qibiao"]
[Black "Li, Ruifeng"]
[Result "0-1"]
[WhiteElo "2282"]
[BlackElo "2446"]
[PlyCount "100"]
[EventDate "2015.10.17"]
[EventType "swiss"]
[EventRounds "9"]
[EventCountry "USA"]
[SourceTitle "CBM 168 Extra"]
[Source "ChessBase"]
[SourceDate "2015.10.29"]
[SourceVersion "1"]
[SourceVersionDate "2015.10.29"]
[SourceQuality "1"]

1. d4 d5 2. c4 c6 3. Nc3 Nf6 4. cxd5 cxd5 5. Bf4 Nc6 6. e3 a6 7. Bd3 Bg4 8. Qb3 Na5 9. Qc2 e6 10. Nge2 Bd6 11. Bxd6 Qxd6 12. Ng3 e5 13. dxe5 Qxe5 14. 0-0 0-0 15. Bf5 Bxf5 16. Qxf5 Nc4 17. Rac1 Rfd8 18. b3 Qxf5 19. Nxf5 Ne5 20. Rfd1 Kf8 21. Na4 Rac8 22. Nc5 Rc7 23. Ne6+ fxe6 24. Rxc7 exf5 25. Rxb7 Rc8 26. Rb6 Rc2 27. Rxa6 Neg4 28. Rf1 Ne4 29. Ra5 Ngxf2 30. Rxd5 g6 31. h3 Rxa2 32. Rd7 Nf6 33. Rb7 N2e4 34. Rd1 h5 35. b4 Ne8 36. b5 N8d6 37. Rb8+ Ke7 38. b6 Rb2 39. Rc1 Kf6 40. h4 Ke5 41. Rc7 f4 42. exf4+ Kxf4 43. Kh2 Nf2 44. Rf8+ Nf5 45. g3+ Kg4 46. Rc4+ Ne4+ 47. Kg1 Kxg3 48. Rc1 Rg2+ 49. Kf1 Nd2+ 50. Ke1 Nf3+ 0-1